000 00388nam a2200133Ia 4500
008 220217s9999||||xx |||||||||||||| ||und||
082 _a621.43 DOM
100 _aDomkundawar, V.M and Domkundawar, A.V
245 0 _aCourse in internal combusion engines
250 _a4th
260 _aDhanapathrai publishing
_bNew Delhi
_c2012
300 _aXXIII, 1276p.
_b500
650 _aMachine
999 _c184783
_d184783